The boldness of a halakhist (Record no. 218204)
[ view plain ]
| 000 -LEADER | |
|---|---|
| fixed length control field | 02330nam a2200349 a 4500 |
| 082 04 - DEWEY DECIMAL CLASSIFICATION NUMBER | |
| Classification number | 296.1/8092 |
| 100 1# - MAIN ENTRY--AUTHOR NAME | |
| Personal name | Fishbane, Simcha. |
| 245 14 - TITLE STATEMENT | |
| Title | The boldness of a halakhist |
| 260 ## - PUBLICATION, DISTRIBUTION, ETC. (IMPRINT) | |
| Place of publication | Boston : |
| Name of publisher | Academic Studies Press, |
| Year of publication | 2009, c2008. |
| 300 ## - PHYSICAL DESCRIPTION | |
| Number of Pages | xxi, 182 p. |
| 490 1# - SERIES STATEMENT | |
| Series statement | Judaism and Jewish life |
| 505 0# - FORMATTED CONTENTS NOTE | |
| Formatted contents note | Rabbi Yechiel Mechel Halevi Epstein : his life and works -- Long live the tsar : Rabbi Yechiel Mechel Epstein and the Russian political system -- Today not yesteryear : Rabbi Y.M. Epstein's adjudicative process as expressed in the Arukh Hashulhan -- In any case there are no sinful thoughts : the role and status of women in Jewish law as expressed in the Arukh Hashulhan -- The audacity of a religious adjudicator : Rabbi Yechiel Mechel Epstein and modernity -- Mercy is vouchsafed from heaven : halakhah's response to violence as expressed in the Arukh Hashulhan Oreh Hayyim, sections 560 and 576:8 -- Secular studies are the supplement of Torah studies : Kol Ben Levi : the homilies of Rabbi Yechiel Mechel Halevi Epstein : the first sermon -- Recurrent themes in the homilies of Rabbi Yechiel Mechel Halevi Epstein -- Social reality or the written word : minhag as expressed in the Arukh Hashulhan. |
| 650 #0 - SUBJECT ADDED ENTRY--TOPICAL TERM | |
| Topical Term | Jewish law. |
| 856 40 - ELECTRONIC LOCATION AND ACCESS | |
| Uniform Resource Identifier | http://site.ebrary.com/lib/rucke/Doc?id=10509023 |
No items available.
